[Event "Norway Chess op-A"]
[Site "Stavanger"]
[Date "2025.05.27"]
[Round "2"]
[White "Grebennikov, Nikolai A"]
[Black "Muller, Maxime"]
[Result "1-0"]
[WhiteElo "2199"]
[BlackElo "2023"]
[PlyCount "97"]
[EventDate "2025.05.27"]
[EventType "swiss"]
[EventRounds "9"]
[EventCountry "NOR"]
[SourceTitle "CB23_2025"]
[SourceDate "2025.06.04"]
[SourceVersion "1"]
[SourceVersionDate "2025.06.04"]
[SourceQuality "1"]

1. d4 d5 2. c4 e6 3. Nc3 Bb4 4. e3 Nf6 5. a3 Bxc3+ 6. bxc3 c6 7. cxd5 cxd5 8. Bd3 0-0 9. Nf3 b6 10. Qe2 a5 11. Ne5 Ba6 12. a4 Qc7 13. 0-0 Bxd3 14. Qxd3 Nbd7 15. Nxd7 Nxd7 16. f3 Rac8 17. Bd2 Qc4 18. Qb1 f5 19. Re1 Rc6 20. e4 fxe4 21. fxe4 Nf6 22. e5 Ne4 23. Rxe4 dxe4 24. Qxe4 Rc7 25. h3 Rcf7 26. Qg4 Rf1+ 27. Rxf1 Qxf1+ 28. Kh2 Qf5 29. Qe2 Qc2 30. c4 Qxa4 31. d5 exd5 32. cxd5 Qd4 33. d6 Rf2 34. Qb5 Qxd2 35. Qc4+ Rf7 36. Qc8+ Rf8 37. Qe6+ Kh8 38. d7 Qf4+ 39. Kh1 Qc1+ 40. Kh2 Qc7 41. Qe8 Rg8 42. h4 a4 43. Kh3 h6 44. e6 a3 45. e7 Rxe8 46. dxe8Q+ Kh7 47. h5 Qc3+ 48. g3 Qf6 49. Qg6+ 1-0

[Event "Norway Chess op-A"]
[Site "Stavanger"]
[Date "2025.05.27"]
[Round "7"]
[White "Muller, Maxime"]
[Black "Silva, Mariana Sofia Teixe"]
[Result "1-0"]
[WhiteElo "2023"]
[BlackElo "2035"]
[PlyCount "53"]
[EventDate "2025.05.27"]
[EventType "swiss"]
[EventRounds "9"]
[EventCountry "NOR"]
[SourceTitle "CB23_2025"]
[SourceDate "2025.06.04"]
[SourceVersion "1"]
[SourceVersionDate "2025.06.04"]
[SourceQuality "1"]

1. d4 d5 2. c4 e6 3. Nf3 Nf6 4. g3 dxc4 5. Bg2 c6 6. Ne5 Bb4+ 7. Bd2 Be7 8. Bc3 b5 9. Nxc6 Nxc6 10. Bxc6+ Bd7 11. Bxa8 Qxa8 12. f3 b4 13. Bd2 e5 14. dxe5 Ng4 15. a3 Bc5 16. axb4 Nf2 17. Qc2 Nxh1 18. bxc5 Qd5 19. Qe4 Qxe4 20. fxe4 h5 21. Rxa7 Rh7 22. Bg5 f6 23. exf6 gxf6 24. Bxf6 Rh6 25. e5 Bc6 26. Re7+ Kf8 27. Rc7 1-0

[Event "Reykjavik op"]
[Site "Reykjavik"]
[Date "2024.03.21"]
[Round "9"]
[White "Muller, Maxime"]
[Black "Strathmann, Sascha"]
[Result "0-1"]
[WhiteElo "1961"]
[BlackElo "2129"]
[PlyCount "72"]
[EventDate "2024.03.15"]
[EventType "swiss"]
[EventRounds "9"]
[EventCountry "ISL"]
[SourceTitle "CBM 219 Extra"]
[Source "ChessBase"]
[SourceDate "2024.05.31"]
[SourceVersion "1"]
[SourceVersionDate "2024.05.31"]
[SourceQuality "1"]

1. d4 Nf6 2. c4 e6 3. g3 d5 4. Nf3 Be7 5. Bg2 0-0 6. 0-0 dxc4 7. Qc2 a6 8. a4 Bd7 9. Qxc4 Bc6 10. Bg5 Nbd7 11. Nc3 Rc8 12. Rfe1 Ne4 13. Bxe7 Qxe7 14. Qd3 f5 15. d5 Ndc5 16. Qc4 b5 17. axb5 axb5 18. Qb4 Bxd5 19. Nxd5 exd5 20. Nd4 Qf6 21. f3 Nd3 22. exd3 c5 23. Ra6 Qxa6 24. Qxb5 Qf6 25. Nxf5 Qxf5 26. dxe4 Qe5 27. Qb7 Rfd8 28. f4 Qd4+ 29. Kh1 dxe4 30. Qxe4 Qxb2 31. Qe6+ Kh8 32. Be4 Re8 33. Qh3 g6 34. Rb1 Qa2 35. Rb6 Rcd8 36. Bxg6 Rd1+ 0-1

[Event "Reykjavik op"]
[Site "Reykjavik"]
[Date "2024.03.19"]
[Round "7"]
[White "Muller, Maxime"]
[Black "Banta, Robert Lance"]
[Result "1-0"]
[WhiteElo "1961"]
[BlackElo "1755"]
[PlyCount "43"]
[EventDate "2024.03.15"]
[EventType "swiss"]
[EventRounds "9"]
[EventCountry "ISL"]
[SourceTitle "CBM 219 Extra"]
[Source "ChessBase"]
[SourceDate "2024.05.31"]
[SourceVersion "1"]
[SourceVersionDate "2024.05.31"]
[SourceQuality "1"]

1. d4 Nf6 2. c4 e6 3. g3 d5 4. Nf3 Bb4+ 5. Bd2 Bxd2+ 6. Nbxd2 0-0 7. Bg2 c6 8. 0-0 Nbd7 9. Qc2 b6 10. e4 dxe4 11. Nxe4 Nxe4 12. Qxe4 Bb7 13. Ne5 Nxe5 14. dxe5 Qc7 15. Rfd1 Rad8 16. b4 Rxd1+ 17. Rxd1 Rd8 18. Rd4 g6 19. Qd3 Rxd4 20. Qxd4 Qe7 21. Qd6 Qe8 22. b5 1-0

[Event "SVK-ch Amateurs"]
[Site "Liptovsky Jan"]
[Date "2023.06.17"]
[Round "6"]
[White "Muller, Maxime"]
[Black "Durik, Martin"]
[Result "1-0"]
[WhiteElo "1974"]
[BlackElo "1485"]
[PlyCount "73"]
[EventDate "2023.06.15"]
[EventType "swiss"]
[EventRounds "8"]
[EventCountry "SVK"]
[SourceTitle "CBM 214 Extra"]
[Source "ChessBase"]
[SourceDate "2023.07.31"]
[SourceVersion "1"]
[SourceVersionDate "2023.07.31"]
[SourceQuality "1"]

1. e4 c6 2. d4 d5 3. Nc3 dxe4 4. Nxe4 Bf5 5. Ng3 Bg6 6. N1e2 e5 7. dxe5 Qxd1+ 8. Kxd1 Nd7 9. f4 Ne7 10. c3 0-0-0 11. Ke1 h5 12. h4 Nf5 13. Nxf5 Bxf5 14. Nd4 Be4 15. Kf2 c5 16. Nb3 f6 17. e6 Nb8 18. Bc4 f5 19. Be3 b6 20. Rhd1 Be7 21. g3 g6 22. Rd2 Bc6 23. Rad1 Kc7 24. Nc1 Be4 25. Rxd8 Rxd8 26. Rxd8 Bxd8 27. b4 Be7 28. Nb3 Kc6 29. bxc5 bxc5 30. Bxc5 Bxc5+ 31. Nxc5 Kd6 32. Nxe4+ fxe4 33. Ke3 Nc6 34. Kxe4 Ne7 35. Kf3 Nf5 36. Bb3 Ke7 37. Bc2 1-0

[Event "SVK-ch Amateurs"]
[Site "Liptovsky Jan"]
[Date "2023.06.15"]
[Round "2"]
[White "Muller, Maxime"]
[Black "Smetana, Peter"]
[Result "1-0"]
[WhiteElo "1974"]
[BlackElo "1763"]
[PlyCount "61"]
[EventDate "2023.06.15"]
[EventType "swiss"]
[EventRounds "8"]
[EventCountry "SVK"]
[SourceTitle "CBM 214 Extra"]
[Source "ChessBase"]
[SourceDate "2023.07.31"]
[SourceVersion "1"]
[SourceVersionDate "2023.07.31"]
[SourceQuality "1"]

1. e4 c5 2. Nf3 Nc6 3. Bb5 d6 4. Bxc6+ bxc6 5. 0-0 e5 6. c3 f5 7. exf5 Be7 8. d4 cxd4 9. cxd4 e4 10. Nfd2 Bxf5 11. f3 Nf6 12. fxe4 Bg6 13. Nc3 Qb6 14. Nc4 Qb4 15. Qe2 d5 16. exd5 cxd5 17. Ne5 Qxd4+ 18. Kh1 Qc5 19. Re1 Be4 20. Be3 Qc7 21. Nxe4 Qxe5 22. Nxf6+ Bxf6 23. Qb5+ Kf7 24. Qd7+ Kg6 25. Qg4+ Kf7 26. Bf4 Qd4 27. Rad1 Qxb2 28. Qh5+ g6 29. Qxd5+ Kg7 30. Qd7+ Kg8 31. Re8+ 1-0

[Event "Europe Echecs Blitz May op"]
[Site "Europe Echecs INT"]
[Date "2021.05.09"]
[Round "6"]
[White "Muller, Maxime"]
[Black "Delfosse, Jean Michel"]
[Result "1-0"]
[WhiteElo "1840"]
[BlackElo "1727"]
[PlyCount "73"]
[EventDate "2021.05.09"]
[EventType "swiss (blitz)"]
[EventRounds "11"]
[EventCountry "FRA"]
[SourceTitle "CBM 202 Extra"]
[Source "ChessBase"]
[SourceDate "2021.07.31"]
[SourceVersion "1"]
[SourceVersionDate "2021.07.31"]
[SourceQuality "1"]

1. e4 c5 2. Nf3 d6 3. Bb5+ Bd7 4. Bxd7+ Qxd7 5. 0-0 Nc6 6. Qe2 Nf6 7. Rd1 e5 8. c3 g6 9. d4 cxd4 10. cxd4 exd4 11. Nxd4 Nxd4 12. Rxd4 Qe6 13. Bg5 Bg7 14. Qb5+ Nd7 15. Qxb7 Rb8 16. Qxa7 0-0 17. Nc3 Bxd4 18. Qxd4 Rxb2 19. Nd5 Rb7 20. Ne7+ Qxe7 21. Bxe7 Re8 22. Bxd6 Nf8 23. Bxf8 Kxf8 24. Qh8+ Ke7 25. Qe5+ Kf8 26. Qc5+ Kg8 27. f3 Reb8 28. h3 Rb2 29. a4 Rd2 30. a5 Rbb2 31. Qc8+ Kg7 32. Qg4 h5 33. Qg3 Ra2 34. Rxa2 Rxa2 35. Qe5+ Kg8 36. Qe8+ Kg7 37. Qb5 1-0

[Event "Europe Echecs Blitz May op"]
[Site "Europe Echecs INT"]
[Date "2021.05.09"]
[Round "11"]
[White "Muller, Maxime"]
[Black "Duquesnoy, Jean Philippe"]
[Result "1-0"]
[WhiteElo "1840"]
[BlackElo "2172"]
[PlyCount "83"]
[EventDate "2021.05.09"]
[EventType "swiss (blitz)"]
[EventRounds "11"]
[EventCountry "FRA"]
[SourceTitle "CBM 202 Extra"]
[Source "ChessBase"]
[SourceDate "2021.07.31"]
[SourceVersion "1"]
[SourceVersionDate "2021.07.31"]
[SourceQuality "1"]

1. e4 c5 2. Nf3 e6 3. d3 Nc6 4. g3 g6 5. Bg5 Qc7 6. Bg2 Bg7 7. c3 Nge7 8. 0-0 0-0 9. Qd2 d5 10. Re1 dxe4 11. dxe4 b6 12. Bh6 Rd8 13. Qc1 Bb7 14. Bxg7 Kxg7 15. e5 Nd5 16. Qg5 Qe7 17. Qg4 h5 18. Qa4 a6 19. Nbd2 b5 20. Qc2 Rd7 21. Ne4 Rad8 22. Rad1 Ba8 23. h4 a5 24. b3 Nb6 25. c4 bxc4 26. bxc4 Nd4 27. Nxd4 cxd4 28. Nf6 d3 29. Qc3 Rd4 30. c5 Na4 31. Qxa5 Bxg2 32. Kxg2 Qxc5 33. Qxc5 Nxc5 34. Re3 d2 35. Kf1 Ra4 36. a3 Rc4 37. Ke2 Rc2 38. Ne4 Na4 39. Rxd2 Rdxd2+ 40. Nxd2 Nc3+ 41. Kd3 Nd5 42. Kxc2 1-0